=LDR 00000nam 2200000 4500 =001 INLIS000000000028460 =005 20130612130750 =008 ***********************************Ind** =035 ##$$0010-061300000028460 =041 ##$$a Ind =082 ##$$a 342.007 6 =090 ##$$a 342.007 6 =100 ##$$a Umar, Zul Afdi =245 ##$$a Pegangan Tata Negara SMU Kelas 3, Zul Afdi Umar =260 ##$$a 2000 $b Bandung =300 ##$$a 161 hlm., 22 cm =650 ##$$a Tata Negara - Panduan =850 ##$$a NBPNMAT